000 00517nam a2200181Ia 4500
005 20250508151117.0
008 008 250505s9999 xx 000 0 eng d
037 _aTextual
040 _aFEDL
_beng
_cFEDL
041 _aeng
_2eng
084 _a371.33, KIN
_qFEDL
100 _aKinder James S
_9758436
245 0 _aAudio - visual materials and techniques
260 _aNew York, USA
_bAmerican Book Company
_c1950
300 _avi,624p
942 _cTEXL
_h371.33, KIN
999 _c1327635
_d1327635